| 000 | 00546nam a2200217Ia 4500 | ||
|---|---|---|---|
| 005 | 20250425160728.0 | ||
| 008 | 250425s9999 xx 000 0 und d | ||
| 020 | _a0471868329 | ||
| 041 | _aeng | ||
| 082 | _a621.381535 | ||
| 100 | _aCARSON, RALPH S. | ||
| 245 | 0 | _aHIGH-FREQUENCY AMPLIFIERS | |
| 250 | _a1ST ED. | ||
| 260 |
_aEstados Unidos _bWILEY INTERSCIENCE _c1982 |
||
| 260 | _aNEW YORK | ||
| 300 | _a291 | ||
| 650 | _aAMPLIFICADORES (ELECTRONICA) | ||
| 650 | _aAMPLIFICADORES DE TRANSISTORES | ||
| 942 | _c01 | ||
| 010 | _a3652 | ||
| 999 |
_c194968 _d194968 |
||